| 000 | 00553nam a2200193Ia 4500 | ||
|---|---|---|---|
| 008 | 191130s1996##################000#0#eng## | ||
| 020 | _a9780521646499 | ||
| 040 |
_aACL _cACL |
||
| 082 | _a301.072073 PLA | ||
| 100 | _aPlatt, Jennifer | ||
| 245 |
_aA history of sociological research methods in America: 1920-1960 _cJennifer Platt |
||
| 260 |
_aCambridge _c1996 |
||
| 300 | _axi, 333 p | ||
| 650 | _aSociology research | ||
| 650 | _aSociology- United States | ||
| 990 | _afb385501ac10000c3bbe3000e3117004 | ||
| 991 | _a14890 | ||
| 999 |
_c342001 _d342001 |
||